[Event "Maastricht Limburg op-C 8th"]
[Site "Maastricht"]
[Date "2014.06.09"]
[Round "6"]
[White "Montforts, Ton"]
[Black "Widlak, Marc"]
[Result "1-0"]
[WhiteElo "1650"]
[BlackElo "1391"]
[PlyCount "69"]
[EventDate "2014.06.06"]
[EventType "swiss"]
[EventRounds "7"]
[EventCountry "NED"]
[SourceTitle "EXT 2015"]
[Source "ChessBase"]
[SourceDate "2014.11.20"]
[SourceVersion "1"]
[SourceVersionDate "2014.11.20"]
[SourceQuality "1"]

1. d4 Nf6 2. Nf3 d5 3. e3 e6 4. Bd3 c5 5. b3 Nc6 6. Bb2 Bd6 7. Ne5 0-0 8. 0-0 cxd4 9. exd4 Qb6 10. a3 Nd7 11. Re1 Ncxe5 12. dxe5 Bc5 13. Qe2 f5 14. Nc3 a6 15. Na4 Qc7 16. Nxc5 Nxc5 17. Rad1 b5 18. Bd4 Bb7 19. Qe3 Rac8 20. Bxc5 Qxc5 21. b4 Qxe3 22. Rxe3 Rc3 23. Bxf5 Rc6 24. Bd3 Rc7 25. Rf1 g5 26. Rg3 h6 27. f4 Rg7 28. fxg5 Rxf1+ 29. Kxf1 Rxg5 30. Rxg5+ hxg5 31. Kf2 Kg7 32. Ke3 d4+ 33. Kxd4 Bxg2 34. c4 bxc4 35. Bxc4 1-0

[Event "Maastricht Limburg op-C 8th"]
[Site "Maastricht"]
[Date "2014.06.09"]
[Round "7"]
[White "Widlak, Marc"]
[Black "Allaart, Jesse"]
[Result "1-0"]
[WhiteElo "1391"]
[BlackElo "1101"]
[PlyCount "43"]
[EventDate "2014.06.06"]
[EventType "swiss"]
[EventRounds "7"]
[EventCountry "NED"]
[SourceTitle "EXT 2015"]
[Source "ChessBase"]
[SourceDate "2014.11.20"]
[SourceVersion "1"]
[SourceVersionDate "2014.11.20"]
[SourceQuality "1"]

1. d4 d5 2. Nf3 Nf6 3. e3 Bf5 4. Bd3 Bg4 5. Nbd2 e6 6. c3 c6 7. Qc2 Bh5 8. 0-0 Bg6 9. e4 dxe4 10. Nxe4 Nxe4 11. Bxe4 Nd7 12. Bf4 Nf6 13. Bxg6 hxg6 14. Rae1 Bd6 15. Ne5 Ke7 16. Bg5 Rh5 17. f4 Qh8 18. h4 Ke8 19. Qb3 Bxe5 20. Qxb7 Rb8 21. Qxc6+ Kf8 22. fxe5 1-0